| 000 | 01194nam a2200301 a 4500 | ||
|---|---|---|---|
| 001 | 000005427 | ||
| 005 | 20200929151657.0 | ||
| 008 | 090819s2000 es a 001 0 spa d | ||
| 020 | _a8400079817 | ||
| 040 | _aDO-SdBNP | ||
| 082 |
_a590.95074 _bS237c |
||
| 110 | 1 |
_aMuseo Nacional de Ciencias Naturales (España). _915409 |
|
| 245 | 1 | 0 |
_aCatálogo de las colecciones zoológicas de Asia del museo nacional de ciencias naturales. / _cCelia M. Santos Mazorra ; prólogo Jorge Morales. |
| 260 |
_aMadrid, : _bMuseo Nacionales de Ciencias Naturales _bConsejo superior de investigaciones científicas, _c2000. |
||
| 300 |
_av. : _bil ; _c24 cm. |
||
| 490 | 0 |
_aManuales técnicos de Museología _v8 |
|
| 500 | _aIncluye tabla de contenido | ||
| 504 | _aIncluye referencias bibliografícas. | ||
| 500 | _aIncluye índice | ||
| 505 | 0 | _aInsentos | |
| 500 | _aLa biblioteca posee el volumen I | ||
| 610 | 1 | 4 |
_aMUSEO NACIONAL DE CIENCIAS NATURALES (ESPAÑA) _vCATÁLOGOS _915410 |
| 650 | 4 |
_aZoología _vCATÁLOGO _zAsia _915411 |
|
| 700 | 1 |
_aMorales, Jorge _epról. _915412 |
|
| 700 | 1 |
_aSantos Mazorra, Celia M. _915413 |
|
| 830 | 0 |
_aManuales técnicos de museología _v8 _915414 |
|
| 049 | _aBNPD | ||
| 999 |
_c5227 _d5227 |
||